000
00214nam a22000857a 4500
008
170527b xxu||||| |||| 00| 0 eng d
100
_9
3167
_a
Misra.R.R.etal.
245
_a
Chemistry-XII-II
260
_a
New Delhi
_b
ABD
_c
1987
999
_c
6470
_d
6470